Giáo trình nghiệp vụ kinh doanh thương mại - dịch vụ. t.II : Dùng trong các trường THCN /

Bewaard in:
Bibliografische gegevens
Hoofdauteur: Nguyễn Thị Lực
Formaat: Sách giấy
Taal:Vietnamese
Gepubliceerd in: H. : Hà nội, 2005
Onderwerpen:
Tags: Voeg label toe
Geen labels, Wees de eerste die dit record labelt!
Thư viện lưu trữ: Thư viện Trường Đại học Đà Lạt
LEADER 00880nam a2200337 4500
001 DLU060051715
005 ##20060315
040 # # |a DLU  |b vie 
041 # # |a vie 
044 # # |a vn 
082 # # |a 658.8  |b NG-L 
100 # # |a Nguyễn Thị Lực 
245 # # |a Giáo trình nghiệp vụ kinh doanh thương mại - dịch vụ.  |n t.II : Dùng trong các trường THCN /  |c Nguyễn Thị Lực 
260 # # |a H. :  |b Hà nội,  |c 2005 
300 # # |a 106 tr. ;  |c 24 cm 
504 # # |a Tài liệu tham khảo :tr.105 
653 # # |a Giáo trình 
653 # # |a Hàng hoá 
653 # # |a Tổ chức sản xuất 
653 # # |a Thương mại 
923 # # |a 66/2005 
990 # # |a t.II 
992 # # |a 14.000 
994 # # |a DLU 
900 # # |a True 
911 # # |a Đào Thị Thu Huyền 
925 # # |a G 
926 # # |a A 
927 # # |a SH 
980 # # |a Thư viện Trường Đại học Đà Lạt